00292nam a2200097Ia 4500008004000000082001600040100002700056245006000083260003900143300001200182210210b1990 xxu||||| |||| 00| 0 eng d a302.23 MAHC aMAHAJAN (Kamlesh), Ed. aCommunication and society: the emerging human concerns. aNDbClassical Publishing Co.c1990 axvi,304